Brilliant ideas for using ICT in the classroom :a very practical guide for teachers and lecturers / (Record no. 2458)

000 -LEADER
fixed length control field 03470cam a2200349 i 4500
001 - CONTROL NUMBER
control field 18189456
003 - CONTROL NUMBER IDENTIFIER
control field OSt
005 - DATE AND TIME OF LATEST TRANSACTION
control field 20160725102810.0
008 - FIXED-LENGTH DATA ELEMENTS--GENERAL INFORMATION
fixed length control field 140616s2015 nyu b 001 0 eng
010 ## - LIBRARY OF CONGRESS CONTROL NUMBER
LC control number 2014009710
020 ## - INTERNATIONAL STANDARD BOOK NUMBER
International Standard Book Number 9780415640503 (paperback)
040 ## - CATALOGING SOURCE
Original cataloging agency DLC
Language of cataloging eng
Transcribing agency DLC
Description conventions rda
Modifying agency DLC
042 ## - AUTHENTICATION CODE
Authentication code pcc
050 00 - LIBRARY OF CONGRESS CALL NUMBER
Classification number LB1028.3.J38 2015
082 00 - DEWEY DECIMAL CLASSIFICATION NUMBER
Classification number 371.33
Edition number 23
084 ## - OTHER CLASSIFICATION NUMBER
Classification number EDU000000
-- EDU025000
-- EDU029030
Source of number bisacsh
100 1# - MAIN ENTRY--PERSONAL NAME
Personal name Jarvis, Matt,
Dates associated with a name 1966-
245 10 - TITLE STATEMENT
Title Brilliant ideas for using ICT in the classroom :a very practical guide for teachers and lecturers /
Statement of responsibility, etc Matt Jarvis.
260 ## - PUBLICATION, DISTRIBUTION, ETC. (IMPRINT)
Place of publication, distribution, etc New York
Name of publisher, distributor, etc Routledge
Date of publication, distribution, etc c2015.
300 ## - PHYSICAL DESCRIPTION
Extent xvi, 169 pages ;
Dimensions 22 cm
504 ## - BIBLIOGRAPHY, ETC. NOTE
Bibliography, etc Includes bibliographical references and index.
520 ## - SUMMARY, ETC.
Summary, etc "Brilliant Ideas for Using ICT in the Classroom is a totally practical, hands-on guide to using ICT in and around the classroom for all secondary school teachers and lecturers in post-compulsory education. Assuming no prior expertise, it centres on software and resources that are free or very low cost, and offers step-by-step guidance and creative ideas to improve the experience and engagement of your students. With a focus on what tools to use, what educational need they satisfy and how to incorporate them into good pedagogy, key topics covered include:Effective use of presentation technologies Using, producing and sharing multimedia Interactive whiteboards and related technologies Using Web 2.0 technologies Mobile learning Supporting diverse student needs through technology. Brilliant Ideas for Using ICT in the Classroom puts equal emphasis on both technical and pedagogical issues, making it the ideal companion whatever your ICT or e-learning needs. Catering equally well for Windows, Mac and Linux users, this book is designed to give you all the confidence you need to start teaching brilliantly with ICT"--
520 ## - SUMMARY, ETC.
Summary, etc "Brilliant Ideas for Using ICT in the Classroom is a totally practical, hands-on guide to using ICT in and around the classroom for all secondary school teachers and lecturers in post-compulsory education. Assuming no prior expertise, it centres on software and resources that are free or very low cost, and offers step-by-step guidance and creative ideas to improve the experience and engagement of your students. With a focus on what tools to use, what educational need they satisfy and how to incorporate them into good pedagogy, key topics covered include: Effective use of presentation technologies Using, producing and sharing multimedia Interactive whiteboards and related technologies Using Web 2.0 technologies Mobile learning Supporting diverse student needs through technology. Brilliant Ideas for Using ICT in the Classroom puts equal emphasis on both technical and pedagogical issues, making it the ideal companion whatever your ICT or e-learning needs. Catering equally well for Windows, Mac and Linux users, this book is designed to give you all the confidence you need to start teaching brilliantly with ICT"--
650 #0 - SUBJECT ADDED ENTRY--TOPICAL TERM
Topical term or geographic name as entry element Educational technology.
650 #0 - SUBJECT ADDED ENTRY--TOPICAL TERM
Topical term or geographic name as entry element Education, Secondary.
650 #7 - SUBJECT ADDED ENTRY--TOPICAL TERM
Topical term or geographic name as entry element EDUCATION / General.
Source of heading or term bisacsh
650 #7 - SUBJECT ADDED ENTRY--TOPICAL TERM
Topical term or geographic name as entry element EDUCATION / Secondary.
Source of heading or term bisacsh
650 #7 - SUBJECT ADDED ENTRY--TOPICAL TERM
Topical term or geographic name as entry element EDUCATION / Teaching Methods & Materials / Science & Technology.
Source of heading or term bisacsh
906 ## - LOCAL DATA ELEMENT F, LDF (RLIN)
a 7
b cbc
c orignew
d 1
e ecip
f 20
g y-gencatlg
942 ## - ADDED ENTRY ELEMENTS (KOHA)
Source of classification or shelving scheme
Koha item type Book
Holdings
Withdrawn status Lost status Source of classification or shelving scheme Damaged status Not for loan Home library Current library Shelving location Date acquired Total Checkouts Full call number Barcode Date last seen Copy number Price effective from Koha item type
          Riara University Library Riara University Library General stack 25/07/2016   LB1028.3.J38 2015 7903/16 25/07/2016 C.1 25/07/2016 Book

Riara University Library,
P.O. Box 49940-00100,
Nairobi, Kenya.